Škatuľkovanie nie je hazard

Rozdeľovanie klientov podľa určitých kritérií v bankovníctve.

Na minha lista:
Detalhes bibliográficos
Autor principal: Škriniar, Pavel, 1979-
Formato: Capítulo de Livro
Idioma:eslovaco
Assuntos:
Tags: Adicionar Tag
Sem tags, seja o primeiro a adicionar uma tag!

MARC

LEADER 00000naa a2200000 4500
001 0186812
005 20240502073206.2
041 0 |a slo 
044 |a SK 
245 1 0 |a Škatuľkovanie nie je hazard  |c Pavel Škriniar 
520 |a Rozdeľovanie klientov podľa určitých kritérií v bankovníctve. 
610 2 0 |a bankovníctvo 
610 2 0 |a banky obchodné 
610 2 0 |a služby bankové 
610 2 0 |a nástroje bankové 
610 2 0 |a účty bankové 
610 2 0 |a klienti 
610 2 0 |a banky 
610 2 0 |a segmentácia 
100 1 |a Škriniar, Pavel, 1979-